<?xml version="1.0" encoding="UTF-8"?>
<record
    xmlns:xsi="http://www.w3.org/2001/XMLSchema-instance"
    xsi:schemaLocation="http://www.loc.gov/MARC21/slim http://www.loc.gov/standards/marcxml/schema/MARC21slim.xsd"
    xmlns="http://www.loc.gov/MARC21/slim">

  <leader>02729nam a2200469 a 4500</leader>
  <controlfield tag="001">000011481</controlfield>
  <controlfield tag="003">DO-SdBNP</controlfield>
  <controlfield tag="005">20251120105504.0</controlfield>
  <controlfield tag="007">ta</controlfield>
  <controlfield tag="008">091019s2006    dr            001 0 spa d</controlfield>
  <datafield tag="020" ind1=" " ind2=" ">
    <subfield code="a">9945425064</subfield>
  </datafield>
  <datafield tag="040" ind1=" " ind2=" ">
    <subfield code="a">DO-SdBNP</subfield>
    <subfield code="b">spa</subfield>
    <subfield code="c">BNPHU</subfield>
  </datafield>
  <datafield tag="082" ind1=" " ind2="4">
    <subfield code="a">345.05</subfield>
    <subfield code="b">D431p</subfield>
    <subfield code="2">22</subfield>
  </datafield>
  <datafield tag="245" ind1="0" ind2="0">
    <subfield code="a">Derecho procesal penal /</subfield>
    <subfield code="c">Alberto Binder ... [et al.] ; presentaci&#xF3;n Alejandro Moscoso Segarra; pr&#xF3;logo Luis Henry Molina Pe&#xF1;a.</subfield>
  </datafield>
  <datafield tag="260" ind1=" " ind2=" ">
    <subfield code="a">Santo Domingo :</subfield>
    <subfield code="b">Escuela Nacional de la Judicatura,</subfield>
    <subfield code="c">2006.</subfield>
  </datafield>
  <datafield tag="300" ind1=" " ind2=" ">
    <subfield code="a">626 p. ;</subfield>
    <subfield code="c">28 cm.</subfield>
  </datafield>
  <datafield tag="500" ind1=" " ind2=" ">
    <subfield code="a">Incluye bibliograf&#xED;a y notas al pie de p&#xE1;ginas.</subfield>
  </datafield>
  <datafield tag="500" ind1=" " ind2=" ">
    <subfield code="a">La biblioteca posee la reimpresi&#xF3;n del 2007</subfield>
  </datafield>
  <datafield tag="504" ind1=" " ind2=" ">
    <subfield code="a">Bibliograf&#xED;a : p. 595-608.</subfield>
  </datafield>
  <datafield tag="505" ind1="0" ind2=" ">
    <subfield code="g">Presentaci&#xF3;n /</subfield>
    <subfield code="r">Alejandro Moscoso Segarra --</subfield>
    <subfield code="g">Pr&#xF3;logo /</subfield>
    <subfield code="r">Luis Henry Molina Pe&#xF1;a --</subfield>
    <subfield code="t">Principios generales para la comprensi&#xF3;n de la reforma procesal penal en la Rep&#xFA;blica Dominicana /</subfield>
    <subfield code="r">Alberto Binder --</subfield>
    <subfield code="t">Actividades iniciales y diligencias preliminares /</subfield>
    <subfield code="r">Daniel Gonz&#xE1;lez &#xC1;lvarez --</subfield>
    <subfield code="t">Los procesos alternativos /</subfield>
    <subfield code="r">Mario A. Houed Vega --</subfield>
    <subfield code="t">Libertad, intimidad y seguridad individual ante intervenci&#xF3;n estatal /</subfield>
    <subfield code="r">Manuel Miranda Estrampes --</subfield>
    <subfield code="t">Medidas de coerci&#xF3;n /</subfield>
    <subfield code="r">Pablo Llarena Conde --</subfield>
    <subfield code="t">La prueba en el proceso penal /</subfield>
    <subfield code="r">H&#xE9;ctor Qui&#xF1;ones Vargas --</subfield>
    <subfield code="t">Los derechos de protecci&#xF3;n a la v&#xED;ctima /</subfield>
    <subfield code="r">Pablo Llarena Conde --</subfield>
    <subfield code="t">Etapa intermedia: actos conclusivos y audiencia preliminar /</subfield>
    <subfield code="r">Olga Elena Resumil --</subfield>
    <subfield code="t">El juicio /</subfield>
    <subfield code="r">Daniel Gadea Nieto --</subfield>
    <subfield code="t">Impugnaci&#xF3;n y recursos /</subfield>
    <subfield code="r">Pablo Llarena Conde --</subfield>
    <subfield code="t">La ejecuci&#xF3;n /</subfield>
    <subfield code="r">Pablo Llarena Conde --</subfield>
    <subfield code="t">La fundamentaci&#xF3;n f&#xE1;ctica y jur&#xED;dica de las resoluciones judiciales /</subfield>
    <subfield code="r">Manuel Bellido Aspad --</subfield>
    <subfield code="g">Bibliograf&#xED;a.</subfield>
  </datafield>
  <datafield tag="590" ind1=" " ind2=" ">
    <subfield code="a">Inventariado,2018/DG</subfield>
  </datafield>
  <datafield tag="650" ind1=" " ind2="4">
    <subfield code="a">Derecho procesal</subfield>
    <subfield code="z">Rep&#xFA;blica Dominicana</subfield>
    <subfield code="9">13091</subfield>
  </datafield>
  <datafield tag="650" ind1=" " ind2="4">
    <subfield code="a">Procedimiento penal</subfield>
    <subfield code="z">Rep&#xFA;blica Dominicana</subfield>
    <subfield code="9">14474</subfield>
  </datafield>
  <datafield tag="650" ind1=" " ind2="0">
    <subfield code="a">Derecho penal</subfield>
    <subfield code="9">17405</subfield>
  </datafield>
  <datafield tag="650" ind1=" " ind2="4">
    <subfield code="a">Acci&#xF3;n penal</subfield>
    <subfield code="9">16563</subfield>
  </datafield>
  <datafield tag="650" ind1=" " ind2="0">
    <subfield code="a">Prueba penal </subfield>
    <subfield code="9">27178</subfield>
  </datafield>
  <datafield tag="650" ind1=" " ind2="4">
    <subfield code="a">Faltas (derecho penal)</subfield>
    <subfield code="9">27179</subfield>
  </datafield>
  <datafield tag="700" ind1="1" ind2=" ">
    <subfield code="a">Binder, Alberto</subfield>
    <subfield code="9">27180</subfield>
  </datafield>
  <datafield tag="700" ind1="1" ind2=" ">
    <subfield code="a">Gonz&#xE1;lez &#xC1;lvarez, Daniel</subfield>
    <subfield code="9">27181</subfield>
  </datafield>
  <datafield tag="700" ind1="1" ind2=" ">
    <subfield code="a">Gadea Nieto, Daniel</subfield>
    <subfield code="9">27182</subfield>
  </datafield>
  <datafield tag="700" ind1="1" ind2=" ">
    <subfield code="a">Bellido Aspad, Manuel</subfield>
    <subfield code="9">27183</subfield>
  </datafield>
  <datafield tag="700" ind1="1" ind2=" ">
    <subfield code="a">Llarena Conde, Pablo</subfield>
    <subfield code="9">27184</subfield>
  </datafield>
  <datafield tag="700" ind1="1" ind2=" ">
    <subfield code="a">Resumil, Olga Elena</subfield>
    <subfield code="9">27185</subfield>
  </datafield>
  <datafield tag="700" ind1="1" ind2=" ">
    <subfield code="a">Houed Vega, Mario A.</subfield>
    <subfield code="9">27186</subfield>
  </datafield>
  <datafield tag="700" ind1="1" ind2=" ">
    <subfield code="a">Miranda Estrampes, Manuel</subfield>
    <subfield code="9">27187</subfield>
  </datafield>
  <datafield tag="700" ind1="1" ind2=" ">
    <subfield code="a">Qui&#xF1;ones Vargas, H&#xE9;ctor</subfield>
    <subfield code="9">27188</subfield>
  </datafield>
  <datafield tag="700" ind1="1" ind2=" ">
    <subfield code="a">Moscoso Segarra, Alejandro A</subfield>
    <subfield code="d">1964-</subfield>
    <subfield code="e">present.</subfield>
    <subfield code="9">62241</subfield>
  </datafield>
  <datafield tag="700" ind1="1" ind2=" ">
    <subfield code="a">Molina Pe&#xF1;a, Luis Henry,</subfield>
    <subfield code="e">pr&#xF3;l.</subfield>
    <subfield code="9">27189</subfield>
  </datafield>
  <datafield tag="710" ind1="1" ind2=" ">
    <subfield code="a">Rep&#xFA;blica Dominicana.</subfield>
    <subfield code="b">Comisionado de Apoyo a la Reforma y Modernizaci&#xF3;n de la Justicia</subfield>
    <subfield code="9">17179</subfield>
  </datafield>
  <datafield tag="910" ind1=" " ind2=" ">
    <subfield code="a">Validado. Control de calidad EMS</subfield>
  </datafield>
  <datafield tag="942" ind1=" " ind2=" ">
    <subfield code="2">ddc</subfield>
    <subfield code="c">LBS1</subfield>
  </datafield>
  <datafield tag="952" ind1=" " ind2=" ">
    <subfield code="0">0</subfield>
    <subfield code="1">0</subfield>
    <subfield code="2">ddc</subfield>
    <subfield code="5">3</subfield>
    <subfield code="7">0</subfield>
    <subfield code="8">PD</subfield>
    <subfield code="a">BNPHU</subfield>
    <subfield code="b">BNPHU</subfield>
    <subfield code="c">HD</subfield>
    <subfield code="d">2009-10-19</subfield>
    <subfield code="e">Donaci&#xF3;n</subfield>
    <subfield code="l">0</subfield>
    <subfield code="o">BNPHU PD 345.05 D431p</subfield>
    <subfield code="p">11481-20</subfield>
    <subfield code="r">2020-06-25</subfield>
    <subfield code="t">e. 2</subfield>
    <subfield code="w">2020-06-25</subfield>
    <subfield code="y">LBS1</subfield>
  </datafield>
  <datafield tag="952" ind1=" " ind2=" ">
    <subfield code="0">0</subfield>
    <subfield code="1">0</subfield>
    <subfield code="2">ddc</subfield>
    <subfield code="5">3</subfield>
    <subfield code="7">0</subfield>
    <subfield code="8">PD</subfield>
    <subfield code="a">BNPHU</subfield>
    <subfield code="b">BNPHU</subfield>
    <subfield code="c">HD</subfield>
    <subfield code="d">2009-10-19</subfield>
    <subfield code="e">Dep&#xF3;sito Legal</subfield>
    <subfield code="l">0</subfield>
    <subfield code="o">BNPHU PD 345.05 D431p</subfield>
    <subfield code="p">11481-10</subfield>
    <subfield code="r">2020-06-25</subfield>
    <subfield code="w">2020-06-25</subfield>
    <subfield code="y">LBS1</subfield>
  </datafield>
  <datafield tag="952" ind1=" " ind2=" ">
    <subfield code="0">0</subfield>
    <subfield code="1">0</subfield>
    <subfield code="2">ddc</subfield>
    <subfield code="5">6</subfield>
    <subfield code="7">0</subfield>
    <subfield code="8">DS</subfield>
    <subfield code="a">BNPHU</subfield>
    <subfield code="b">BNPHU</subfield>
    <subfield code="c">HD</subfield>
    <subfield code="d">2022-04-06</subfield>
    <subfield code="e">Donaci&#xF3;n</subfield>
    <subfield code="l">0</subfield>
    <subfield code="o">BNPHU DS 345.05 D431p</subfield>
    <subfield code="p">2022-1193</subfield>
    <subfield code="r">2022-04-06</subfield>
    <subfield code="t">e. 3</subfield>
    <subfield code="w">2022-04-06</subfield>
    <subfield code="y">LBS1</subfield>
  </datafield>
  <datafield tag="999" ind1=" " ind2=" ">
    <subfield code="c">11182</subfield>
    <subfield code="d">11182</subfield>
  </datafield>
</record>
